00700nam a2200169 a 450000100100000000500170001000800410002704000250006808200170009324501450011026000620025530000300031765000420034704900090038995201150039899900170051300001654220200929164927.0100308s1977 dr c 000 0 spa d aDO-SdBNPbspacBNPHU a610.92bM18600aMaestros de la medicina dominicana :bhomenaje del movimiento médico renovador a los maestros de la medicina en la República Dominicana. aSanto Domingo :bAsociación Médica Dominicana,c1977. a133 p. :bretr. ;c23 cm. 4aMedicinazRepublica Dominicana920090 aBNPD 0010718PDaPDbPDcCTd2010-03-08iLF1l0o610.92 M186p16542-10r2020-06-25w2020-06-25yLFPDZNo se presta c16075d16075